|
|
|
|
| LEADER |
01026cam a2200277 7i4500 |
| 001 |
0000077873 |
| 005 |
20230526090000.0 |
| 020 |
|
|
|a 9780429355974 (electronic book)
|
| 090 |
0 |
0 |
|a HM671
|b .S64 2023
|
| 245 |
1 |
0 |
|a Spheres of injustice
|c edited by Albeena Shakil and Gopal Guru.
|
| 264 |
|
|
|a Abingdon, Oxon ; New York, NY:
|b Routledge,
|c 2023.
|
| 300 |
|
|
|a 1 online resource (ix, 151 pages):
|b text file, PDF.
|
| 336 |
|
|
|a text
|2 rdacontent
|
| 337 |
|
|
|a computer
|2 rdamedia
|
| 338 |
|
|
|a online resource
|2 rdacarrier
|
| 650 |
|
0 |
|a Social justice --
|y 1947- --
|z India
|
| 650 |
|
0 |
|a India --
|x Social conditions
|
| 650 |
|
0 |
|a Marginality, Social --
|z India
|
| 655 |
|
0 |
|a Electronic books
|
| 700 |
1 |
|
|a Shakil, Albeena
|
| 700 |
1 |
|
|a Guru, Gopal
|
| 856 |
4 |
2 |
|u http://library.unisel.edu.my/web/guest/mylibrary
|
| 997 |
|
|
|a Education & Social Sciences, Faculty
|b Social Sciences, Department
|
| 998 |
|
|
|a Psychology, Diploma
|
| 998 |
|
|
|a Industrial Psychology, Degree
|
| 999 |
|
|
|a EBO0020305
|b EBOOK
|c EBOOK
|e Electronic resources
|